000 01019 a2200265 4500
005 2008092508118.0
008 080925t xxu||||| |||| 00| 0 eng d
010 _aENG-91733
020 _a8125924159
_c225.00
035 _aEN-75266
037 _bDBAD / PUB
040 _adpl
_bEnglish
082 _a005.43
100 _aSaxena, Sanjay
245 _aA first course in computer:
_cby Sanjay Saxena
_bbased on Windows XP and Office XP /
260 _aNew Delhi
_bVikas Publishing House
_c2008(repr.).
270 _a576, Masjid Road, Jangpura,
_bNew Delhi
_e110014
300 _axvi, 447p.
_c24cm (pbk )
650 _aMicrosoft Windows (Computer file)
650 _aMicrosoft Office.
650 _aOperating systems (Computers)
650 _aBusiness
_xComputer programs.
942 _adpl
_cEN
_2ddc
_mSAX
_h005.43
999 _c18960
_d18960